000 00349nam a2200157Ia 4500
003 Ost
005 20260225132554.0
008 260225s9999||||xx |||||||||||||| ||und||
040 _cfsic
041 _afre
082 _a440
100 _aZehira houfani
_eAuteur
245 0 _aLes pirates du desert /
245 0 _cZehira houfani
942 _cكتاب
999 _c34310
_d34310